|
|
|
|
| LEADER |
00635nam a2200205 a 4500 |
| 001 |
000691075 |
| 003 |
CZ BrMZK |
| 005 |
20031007150131.0 |
| 007 |
ta |
| 008 |
031007m1823 xr f cze d |
| 040 |
|
|
|a BOA001
|b cze
|c BOA001
|
| 100 |
1 |
|
|a Sychra, Matěj Josef,
|d 1776-1830
|7 jk01122167
|4 aut
|
| 245 |
1 |
0 |
|a Maličkosti v řeči wázané /
|c Matěj Josef Sychra
|
| 260 |
|
|
|a W Králowém Hradci :
|b Pospíšil,
|c 1823
|
| 300 |
|
|
|a 1 seš.
|
| 910 |
|
|
|a BOA001
|b 1-0008.011
|
| 964 |
|
|
|a Bohemika - stol. 19.
|
| 990 |
|
|
|a BK
|
| 993 |
|
|
|a Y
|
| 996 |
6 |
|
|b 2619221787
|c 1-0008.011
|l MZK
|r Sklad / do 1 hodiny
|n 1
|w 000691075
|u 000010
|a 1
|e BOA001
|j MZK50
|s P
|